000 00296nam a2200121Ia 4500
008 190216s9999||||xx |||||||||||||| ||und||
100 _aFrancis Browne
245 0 _aGranny`S Wonderful Chair
260 _bWordsworth Editions Ltd
_c1995
300 _a123
650 _aEnglish Novel
942 _cBK
999 _c13977
_d13977